000 00763nam a22002417a 4500
999 _c10110
_d10110
003 AR-CdUCM
008 190329b ||||| |||| 00| 0 spa d
020 _a968-16-4445-X
040 _aMUNICIPALIDAD PROVINCIAL DEL CUSCO
_cBIBLIOTECA MUNICIPAL DEL CUSCO
041 _hspa
082 _aEP / 808.06 /
_bL69
100 _aLópez Narvez, Concha
_926768
245 _aLas cabritas de Martín /
260 _aMéxico :
_bFondo de Cultura Económica,
_c1994.
300 _bilustraciones a color,
_c30 cm.
440 _aA la orilla del viento
_926769
500 _aNo cuenta con numeración impresa.
650 _aCuento infantil
_93319
650 _aSiglo XX
_98
700 _aCardemil, Carmen (Ilustración)
_926770
942 _2ddc
_cLIBROS
945 _araen